| 000 | 00863nam a2200253 a 4500 | ||
|---|---|---|---|
| 001 | BRCA_7948 | ||
| 005 | 20190320210051.0 | ||
| 008 | 100314s1973----mx-abc#f##---#000-0#spa-# | ||
| 041 | _aspa | ||
| 044 | _amx | ||
| 050 | 4 |
_aHG5162 _b.L34 1973 |
|
| 100 | 1 |
_aLagunilla Iñarritu, Alfredo _919693 |
|
| 245 | 1 | 0 |
_aLa bolsa en el mercado de valores de México y su ambiente empresarial _cAlfredo Lagunilla Iñarritu. |
| 260 |
_aMéxico _bBolsa de Valores de México _c1973 |
||
| 300 |
_a1 v. _bil. a color, tablas, mapas _c30 cm. |
||
| 440 | 0 |
_aColección Historia de la Bolsa en México _nI _919694 |
|
| 500 | _aLa biblioteca tiene : v.1, 1895-1933 | ||
| 500 | _a3105 | ||
| 504 | _aBibliografía p.369-371 | ||
| 650 | 1 | 4 |
_aBolsa de valores _vAmbiente empresarial _zMéxico _919695 |
| 650 | 1 | 4 |
_aMercado de valores _zMéxico _910923 |
| 902 | _aGFM | ||
| 942 |
_2lcc _cB |
||
| 999 |
_c7617 _d7617 |
||